000
00254nam a22001097a 4500
040
_c
HS
082
_a
631
110
_a
AGRICULTURE AND FORESTRY
245
_a
Handbook of tropical soil management
260
_a
NA
_b
AGRICULTURE & FORESTRY
_c
2003
942
_c
EK
999
_c
8539
_d
8539